000 00711cam a2200241 a 4500
001 1478154
005 20180130031932.0
008 870730s1988 cau b 000 0 eng
010 _a 87022454
020 _a0803927320 :
_c$29.95
020 _a0803927339 (soft) :
_c$14.95
040 _aDLC
_cDLC
_dDLC
_dOCoLC
_dDLC
041 _aeng
043 _an-us---
080 _a320.088042 car
082 0 0 _a320.088042 car
_219
100 _a21
101 _apol
245 0 4 _aThe Politics of the gender gap :
_cedited by Carol M. Mueller.
504 _aBibliography: p. 300-312.
906 _a7
_bcbc
_corignew
_d1
_eocip
_f19
_gy-gencatlg
942 _2ddc
_cBK
999 _c41203
_d41203